| 000 | 00413nam a22001457a 4500 | ||
|---|---|---|---|
| 003 | PILC | ||
| 005 | 20150829103110.0 | ||
| 008 | 150829b xxu||||| |||| 00| 0 eng d | ||
| 050 |
_a QA 76.76.W56 _b.Ad239 1998 |
||
| 245 | _aAdobe premiere 2.0 / | ||
| 260 |
_aCA : _bAdobe Systems Incorporated, _c1998. |
||
| 300 |
_avii, 395 pages : _billustrations ; _c22 cm. |
||
| 500 | _aIncludes index. | ||
| 942 |
_2lcc _cBK _kFOR |
||
| 999 |
_c288562 _d288562 |
||